000 00637nam a2200277Ia 4500
005 20260324150640.0
008 008 260324s9999 xx 000 0 eng d
020 _a9780203983911
037 _aEBOOK
040 _aCRL
040 _beng
040 _cCRL
041 _2eng
041 _aeng
084 _qCRL
100 _aJoseph A. Schumpeter
_91174236
245 0 _aHistory of Economic Analysis
260 _bTaylor and Francis
260 _c1955
365 _a
365 _b630
856 _uhttp://www.taylorfrancis.com/books/9780203983911
942 _cEBOOK
999 _c1836968
_d1836968